{"text_format":"3","workbook":"xls","n_sheets":1,"sheets":["土石方部分（公开比选）"],"not_rendered":{"external_links":1,"defined_names":1},"read":"whole","date_system":"1900","formulas":"cached_only"}

{"sheet":"土石方部分（公开比选）","index":0,"n_rows":17,"n_cols":9,"rows_kept":17,"merged":[[0,0,0,8],[15,0,15,2],[16,0,16,6]],"flags":["formulas_cached_only"]}
["土石方项目工程量清单"]
["序号","项目名称","项目特征/工作内容","计量规则","单位","工程量","限价（元）","合价（元）","备注"]
["一","平整场地（含清表）"]
[1,"平整场地（含清表）","种植土清表、收拢、堆集","按图示尺寸计算","㎡",25239,1.7,{"v":42906.3,"d":"42906.30"}]
[2,"平整场地（含清表）","葡萄地清表、收拢、堆集，葡萄杆装车外运另计","按图示尺寸计算","㎡",59484,3.1,{"v":184400.4,"d":"184400.40"}]
["二","土石方工程"]
[1,"土石方开挖"]
[1.1,"挖一般土方及建渣（场内倒运）","包含土方及建渣的开挖、装车及运输（场内倒运，运输距离500m以内）以及临时堆放场地的推平、场内运输道路维护。","按图示尺寸计算","m³",134744.59,14.9,2007694.39]
[1.2,"连砂石开挖","开挖、装车及运输（场内倒运，运输距离500m以内）","按图示尺寸计算","m³",20730,14,{"v":290220,"d":"290220.00"}]
[1.3,"挖一般土方及建渣（外运）","包含土方及建渣的收集、开挖、装车、运输及弃土场堆存，弃土场由乙方自行解决，弃土场平整及渣土堆存费用已包含在单价中。","按图示尺寸计算","m³",28000,30,{"v":840000,"d":"840000.00"}]
[2,"土石方回填"]
[2.1,"道路建渣回填","开挖、装车及运输（场内倒运，运输距离500m以内）、平整、碾压。","按图示尺寸计算","m³",9756.8,13.5,{"v":131716.8,"d":"131716.80"}]
[2.2,"土石方回填","围挡土埂土方及南大门道路土方回填","按图示尺寸计算","m³",3287.9,10.9,35838.11]
[2.3,"土石方回填（肥槽及场坪回填）","开挖、装车及运输（场内倒运，运输距离500m以内）、平整、碾压。","按图示尺寸计算","m³",{"v":60000,"d":"60000.00"},13.8,{"v":828000,"d":"828000.00"}]
[2.4,"土石方回填（肥槽及场坪回填）","开挖、装车及运输（场内倒运，运输距离500m以内）、平整。","按图示尺寸计算","m³",{"v":10000,"d":"10000.00"},10,{"v":100000,"d":"100000.00"}]
["合   计",{"$nulls":6},{"v":4460776,"d":"4460776.00"}]
["备注：以上价格均为含税价，税率9%（增值税专用发票）。"]